[Event "Titled Tuesday intern op 06th Feb Early"]
[Site "Chess.com INT"]
[Date "2024.02.06"]
[Round "1"]
[White "Chigaev, Maksim"]
[Black "Korkmaz, Necmettin"]
[Result "1-0"]
[WhiteElo "2622"]
[BlackElo "2013"]
[PlyCount "103"]
[EventDate "2024.02.06"]
[EventType "swiss (blitz)"]
[EventRounds "11"]
[EventCountry "USA"]
[SourceTitle "CB07_2024"]
[SourceDate "2024.02.14"]
[SourceVersion "1"]
[SourceVersionDate "2024.02.14"]
[SourceQuality "1"]

1. Nf3 d5 2. g3 g6 3. Bg2 Bg7 4. 0-0 e5 5. d3 Nc6 6. e4 dxe4 7. dxe4 Qxd1 8. Rxd1 Bg4 9. c3 Rd8 10. Re1 Nge7 11. Be3 0-0 12. Nbd2 h6 13. a4 Rd7 14. a5 a6 15. Nb3 Rdd8 16. Nc5 Rb8 17. h3 Bc8 18. Red1 Rd8 19. b4 Kf8 20. Nd2 Ke8 21. Nc4 Be6 22. Nxe6 fxe6 23. h4 Rxd1+ 24. Rxd1 Rd8 25. Rxd8+ Nxd8 26. Bh3 Kd7 27. Kf1 Ndc6 28. Nb2 Nc8 29. Nd3 b6 30. Ke2 bxa5 31. Nc5+ Ke7 32. bxa5 Nxa5 33. Bxe6 Nd6 34. Ba2 Nac4 35. Bxc4 Nxc4 36. Nxa6 Kd6 37. Kd3 Nb6 38. Bxb6 cxb6 39. Kc4 Kc6 40. Nb4+ Kd6 41. Kb5 g5 42. hxg5 hxg5 43. g4 Kc7 44. Nd5+ Kd6 45. Nxb6 Bf8 46. Nc4+ Ke6 47. f3 Be7 48. Kc6 Bf8 49. Ne3 Ba3 50. c4 Bb2 51. Nd5 Bd4 52. c5 1-0

[Event "Titled Tuesday intern op 19th Sep Early"]
[Site "Chess.com INT"]
[Date "2023.09.19"]
[Round "2"]
[White "Haug, Havard"]
[Black "Korkmaz, Necmettin"]
[Result "1-0"]
[WhiteElo "2199"]
[BlackElo "2013"]
[PlyCount "63"]
[EventDate "2023.09.19"]
[EventType "swiss (blitz)"]
[EventRounds "11"]
[EventCountry "USA"]
[SourceTitle "EXT 2024"]
[Source "ChessBase"]
[SourceDate "2023.10.10"]
[SourceVersion "1"]
[SourceVersionDate "2023.10.10"]
[SourceQuality "1"]

1. e4 e6 2. d4 d5 3. e5 c5 4. c3 Nc6 5. Nf3 Qb6 6. Bd3 cxd4 7. cxd4 Bd7 8. Bc2 Nb4 9. 0-0 Nxc2 10. Qxc2 Rc8 11. Nc3 Ne7 12. Be3 Nf5 13. Qd2 Bb4 14. Rac1 0-0 15. h3 f6 16. g4 Nxe3 17. fxe3 Bb5 18. Rf2 Qa6 19. exf6 Rxf6 20. Ne5 Rcf8 21. Rxf6 gxf6 22. Nf3 f5 23. Ne5 Bd6 24. gxf5 Bxe5 25. dxe5 Rxf5 26. Qg2+ Kf8 27. Nxb5 Qxb5 28. Rc8+ Kf7 29. Rc7+ Ke8 30. Qg8+ Rf8 31. Qxe6+ Kd8 32. Qc8# 1-0

[Event "Titled Tuesday intern op 19th Sep Early"]
[Site "Chess.com INT"]
[Date "2023.09.19"]
[Round "5"]
[White "Korkmaz, Necmettin"]
[Black "Cagara, Paulina"]
[Result "1-0"]
[WhiteElo "2013"]
[BlackElo "2085"]
[PlyCount "83"]
[EventDate "2023.09.19"]
[EventType "swiss (blitz)"]
[EventRounds "11"]
[EventCountry "USA"]
[SourceTitle "EXT 2024"]
[Source "ChessBase"]
[SourceDate "2023.10.10"]
[SourceVersion "1"]
[SourceVersionDate "2023.10.10"]
[SourceQuality "1"]

1. e4 c6 2. d4 d5 3. e5 c5 4. dxc5 e6 5. Be3 Nd7 6. Bb5 Qc7 7. Nf3 Bxc5 8. Bxc5 Qxc5 9. Nc3 a6 10. Bd3 Ne7 11. 0-0 Ng6 12. Re1 b6 13. h4 Bb7 14. h5 Nf4 15. h6 g6 16. Qd2 Nxd3 17. cxd3 0-0 18. d4 Qe7 19. Qf4 Rfc8 20. Ng5 Rc4 21. Re3 Rf8 22. Rae1 b5 23. b3 Rxd4 24. Qxd4 Qxg5 25. Qa7 Bc8 26. Ne2 Qxh6 27. Nd4 Re8 28. Qc7 Nf8 29. Nc6 Kh8 30. Rf3 Qg7 31. Nd8 f5 32. Qxc8 Qe7 33. Nc6 Rxc8 34. Nxe7 Rc7 35. Nxd5 exd5 36. e6 Re7 37. Rd3 Kg7 38. Rxd5 Kf6 39. Rd6 a5 40. Rb6 b4 41. Ra6 Nd7 42. exd7+ 1-0

[Event "Titled Tuesday intern op 18th Jul Late"]
[Site "Chess.com INT"]
[Date "2023.07.18"]
[Round "10"]
[White "Korkmaz, Necmettin"]
[Black "Shuvalova, Polina"]
[Result "0-1"]
[WhiteElo "2066"]
[BlackElo "2496"]
[PlyCount "170"]
[EventDate "2023.07.18"]
[EventType "swiss (blitz)"]
[EventRounds "11"]
[EventCountry "USA"]
[SourceTitle "EXT 2024"]
[Source "ChessBase"]
[SourceDate "2023.10.10"]
[SourceVersion "1"]
[SourceVersionDate "2023.10.10"]
[SourceQuality "1"]

1. e4 c6 2. d4 d5 3. Nc3 dxe4 4. Nxe4 Nf6 5. Nxf6+ exf6 6. Bc4 Be7 7. Nf3 0-0 8. 0-0 Bg4 9. h3 Bh5 10. Re1 Nd7 11. c3 Bd6 12. g4 Bg6 13. Nh4 Qc7 14. Qf3 Rae8 15. Bd2 Nb6 16. Bb3 a5 17. Nxg6 hxg6 18. h4 a4 19. Bc2 Nc4 20. Rxe8 Rxe8 21. Bc1 Re1+ 22. Kg2 Qe7 23. b3 Nd2 24. Qd3 Ne4 25. Bb2 Rxa1 26. Bxa1 f5 27. g5 axb3 28. axb3 Bc7 29. Qf3 Qe6 30. c4 Qd6 31. Bxe4 Qh2+ 32. Kf1 fxe4 33. Qxe4 Qh3+ 34. Ke2 Qxb3 35. Qe8+ Kh7 36. Qxf7 Qa2+ 37. Kf3 Qxa1 38. Qxc7 Qxd4 39. Qf4 Qd3+ 40. Kg2 b5 41. cxb5 cxb5 42. Qg4 Qd5+ 43. Kf1 Qd3+ 44. Ke1 Qc3+ 45. Kf1 b4 46. h5 b3 47. hxg6+ Kxg6 48. Qe6+ Kxg5 49. Qe7+ Kg6 50. Qe6+ Kg5 51. Qe7+ Kh5 52. Qf7+ Kh6 53. Qf4+ Kg6 54. Qg4+ Kf6 55. Qf4+ Ke7 56. Qg5+ Kf7 57. Qf5+ Ke7 58. Qg5+ Kd7 59. Qd5+ Kc7 60. Qf7+ Kb6 61. Qe6+ Kb5 62. Qd7+ Kb4 63. Qb7+ Ka3 64. Qa6+ Kb2 65. Qe2+ Kb1 66. Qe4+ Qc2 67. Qe5 b2 68. Qxg7 Ka1 69. Qd4 Qc1+ 70. Kg2 Qg5+ 71. Kf3 Qf5+ 72. Ke2 Qc2+ 73. Ke3 Ka2 74. Qa7+ Kb1 75. f4 Kc1 76. Qd4 b1Q 77. f5 Qbb3+ 78. Kf4 Qcc4 79. Qxc4+ Qxc4+ 80. Kg5 Qf7 81. f6 Kd2 82. Kf5 Kd3 83. Ke5 Kc3 84. Kf5 Kd4 85. Kg5 Kd5 0-1

[Event "Titled Tuesday intern op 04th Jul Early"]
[Site "Chess.com INT"]
[Date "2023.07.04"]
[Round "5"]
[White "Korkmaz, Necmettin"]
[Black "Danielyan, Vahe"]
[Result "0-1"]
[WhiteElo "2066"]
[BlackElo "2346"]
[PlyCount "48"]
[EventDate "2023.07.04"]
[EventType "swiss (blitz)"]
[EventRounds "11"]
[EventCountry "USA"]
[SourceTitle "EXT 2024"]
[Source "ChessBase"]
[SourceDate "2023.10.10"]
[SourceVersion "1"]
[SourceVersionDate "2023.10.10"]
[SourceQuality "1"]

1. e4 c5 2. Nc3 e6 3. f4 d5 4. Nf3 dxe4 5. Nxe4 Nc6 6. Bb5 Bd7 7. 0-0 Be7 8. Qe2 Nh6 9. Bxc6 Bxc6 10. Ne5 Rc8 11. Nxc6 Rxc6 12. d3 0-0 13. Bd2 Nf5 14. Bc3 Nd4 15. Qf2 b5 16. a3 Qd5 17. Rae1 Rd8 18. Ng3 Bf6 19. f5 exf5 20. Nxf5 Nxf5 21. Bxf6 Rxf6 22. Qe2 Re6 23. Qg4 Ne3 24. Qf3 Nxf1 0-1

[Event "Titled Tuesday intern op 04th Jul Early"]
[Site "Chess.com INT"]
[Date "2023.07.04"]
[Round "7"]
[White "Korkmaz, Necmettin"]
[Black "Sanchez, Roberto Daniel"]
[Result "1-0"]
[WhiteElo "2066"]
[BlackElo "1976"]
[PlyCount "95"]
[EventDate "2023.07.04"]
[EventType "swiss (blitz)"]
[EventRounds "11"]
[EventCountry "USA"]
[SourceTitle "EXT 2024"]
[Source "ChessBase"]
[SourceDate "2023.10.10"]
[SourceVersion "1"]
[SourceVersionDate "2023.10.10"]
[SourceQuality "1"]

1. e4 d5 2. exd5 Qxd5 3. Nc3 Qe6+ 4. Be2 Qg6 5. Bf3 Nc6 6. Nge2 e5 7. 0-0 Bd7 8. d3 0-0-0 9. Be3 f5 10. g3 h5 11. d4 f4 12. d5 fxe3 13. fxe3 Nce7 14. d6 Qxd6 15. Qe1 Qb6 16. Qf2 Nf5 17. Nd5 Qd6 18. Be4 Nfh6 19. Rad1 Ng4 20. Qf3 Kb8 21. Ndc3 Qe7 22. Bxb7 N8f6 23. Ba6 Bc8 24. Rxd8 Qxd8 25. Rd1 Bd6 26. Qc6 Bxa6 27. Qxa6 Qc8 28. Qd3 h4 29. h3 hxg3 30. hxg4 Qb7 31. e4 Bc5+ 32. Kg2 Nxg4 33. Kxg3 Qc6 34. Qb5+ Qxb5 35. Nxb5 Ne3 36. Rd7 Nxc2 37. Nxc7 Nd4 38. Na6+ Kc8 39. Rc7+ Kd8 40. Rxc5 Nxe2+ 41. Kf3 Nd4+ 42. Kg4 Re8 43. Nb4 Kd7 44. Ra5 Nc6 45. Nxc6 Kxc6 46. Rxa7 Rb8 47. b3 Rb4 48. Kf5 1-0

[Event "Titled Tuesday intern op 13th Jun Late"]
[Site "Chess.com INT"]
[Date "2023.06.13"]
[Round "11"]
[White "Korkmaz, Necmettin"]
[Black "Goltsev, Dmitry"]
[Result "0-1"]
[WhiteElo "2091"]
[BlackElo "2269"]
[PlyCount "106"]
[EventDate "2023.06.13"]
[EventType "swiss (blitz)"]
[EventRounds "11"]
[EventCountry "USA"]
[SourceTitle "EXT 2024"]
[Source "ChessBase"]
[SourceDate "2023.10.10"]
[SourceVersion "1"]
[SourceVersionDate "2023.10.10"]
[SourceQuality "1"]

1. e4 e6 2. d3 d5 3. Nd2 Nf6 4. Ngf3 Bc5 5. e5 Nfd7 6. d4 Bb6 7. Bd3 c5 8. c3 cxd4 9. cxd4 Nc6 10. Nb3 h6 11. 0-0 g5 12. Be3 f5 13. exf6 Qxf6 14. Ne5 Ndxe5 15. dxe5 Nxe5 16. Bxb6 axb6 17. Bb5+ Bd7 18. Qe2 0-0 19. Bxd7 Nxd7 20. Qb5 Rf7 21. Rac1 Rxa2 22. Rc7 Nf8 23. Rxf7 Qxf7 24. Nc1 Ra1 25. Qxb6 Qf4 26. Qc5 Qd2 27. b4 d4 28. g3 Qc3 29. Qxc3 dxc3 30. Ne2 Ra4 31. Rb1 c2 32. Rc1 Rxb4 33. Rxc2 Kf7 34. Rc7+ Kf6 35. f4 Ng6 36. fxg5+ hxg5 37. Kf2 Ne5 38. h3 b5 39. Rb7 Rb2 40. Ke3 Nc4+ 41. Kf3 b4 42. Nd4 e5 43. Nc6 e4+ 44. Kg4 e3 45. Kf3 e2 46. Kf2 Ne3 47. Rxb4 Nc2 48. Rxb2 e1Q+ 49. Kg2 Qe2+ 50. Kg1 Qe3+ 51. Kh2 Qf2+ 52. Kh1 Qf3+ 53. Kh2 Qxc6 0-1

[Event "Titled Tuesday intern op 13th Jun Late"]
[Site "Chess.com INT"]
[Date "2023.06.13"]
[Round "3"]
[White "Korkmaz, Necmettin"]
[Black "Zakhartsov, Vladimir"]
[Result "0-1"]
[WhiteElo "2091"]
[BlackElo "2545"]
[PlyCount "42"]
[EventDate "2023.06.13"]
[EventType "swiss (blitz)"]
[EventRounds "11"]
[EventCountry "USA"]
[SourceTitle "EXT 2024"]
[Source "ChessBase"]
[SourceDate "2023.10.10"]
[SourceVersion "1"]
[SourceVersionDate "2023.10.10"]
[SourceQuality "1"]

1. e4 c5 2. Nc3 Nc6 3. f4 g6 4. Nf3 Bg7 5. Bb5 Nd4 6. 0-0 e6 7. e5 a6 8. Bd3 d6 9. Nxd4 cxd4 10. Ne4 dxe5 11. fxe5 Bxe5 12. Qf3 f5 13. Bc4 Qc7 14. d3 b5 15. Bb3 Bb7 16. Bxe6 Qe7 17. Bg5 fxe4 18. dxe4 Qxe6 19. Qf8+ Kd7 20. Rf7+ Kc6 21. Qg7 Bxg7 0-1

[Event "Dubai op-B 23rd"]
[Site "Dubai"]
[Date "2023.06.04"]
[Round "9"]
[White "Korkmaz, Necmettin"]
[Black "Zherebtsova, Alexandra"]
[Result "0-1"]
[WhiteElo "2091"]
[BlackElo "2197"]
[PlyCount "102"]
[EventDate "2023.05.27"]
[EventType "swiss"]
[EventRounds "9"]
[EventCountry "UAE"]
[SourceTitle "CBM 214 Extra"]
[Source "ChessBase"]
[SourceDate "2023.07.31"]
[SourceVersion "1"]
[SourceVersionDate "2023.07.31"]
[SourceQuality "1"]

1. e4 c5 2. Nf3 Nc6 3. Bb5 g6 4. 0-0 Bg7 5. c3 e5 6. d4 exd4 7. cxd4 cxd4 8. Bf4 a6 9. Ba4 b5 10. Bb3 d6 11. Bd5 Nge7 12. Bg5 f6 13. Nxd4 Nxd4 14. Qxd4 Nxd5 15. exd5 0-0 16. Bf4 a5 17. Nc3 g5 18. Be3 Ba6 19. Rfe1 Re8 20. Qd2 Qd7 21. Ne2 Bb7 22. f4 h6 23. Ng3 Qg4 24. Qd1 Qxd1 25. Raxd1 Rac8 26. Nf5 Bf8 27. a3 Rc2 28. Bd4 Rxe1+ 29. Rxe1 gxf4 30. Re8 Bxd5 31. Rb8 Bc4 32. Nxh6+ Kh7 33. h4 Bxh6 34. Bxf6 Kg6 35. Bd4 a4 36. Rd8 d5 37. Rg8+ Kf5 38. Rh8 Rd2 39. Bc3 Rd1+ 40. Kh2 Kg6 41. h5+ Kg5 42. Bb4 Bg7 43. Be7+ Kf5 44. Rg8 Be5 45. Rg5+ Ke6 46. h6 Bd3 47. Bc5 f3+ 48. g3 Rd2+ 49. Kg1 Rg2+ 50. Kh1 Rxg3 51. Rh5 f2 0-1

[Event "Dubai op-B 23rd"]
[Site "Dubai"]
[Date "2023.05.29"]
[Round "3"]
[White "Ashrapov, Daler"]
[Black "Korkmaz, Necmettin"]
[Result "1-0"]
[WhiteElo "1834"]
[BlackElo "2091"]
[PlyCount "97"]
[EventDate "2023.05.27"]
[EventType "swiss"]
[EventRounds "9"]
[EventCountry "UAE"]
[SourceTitle "CBM 214 Extra"]
[Source "ChessBase"]
[SourceDate "2023.07.31"]
[SourceVersion "1"]
[SourceVersionDate "2023.07.31"]
[SourceQuality "1"]

1. d4 Nf6 2. c4 e6 3. Nc3 Bb4 4. Qc2 c5 5. e3 0-0 6. Nf3 b6 7. Be2 Bb7 8. 0-0 cxd4 9. exd4 d5 10. cxd5 Nxd5 11. Nxd5 Qxd5 12. Bf4 Rc8 13. Qa4 Nc6 14. Rfd1 a6 15. Rd3 Qe4 16. Be3 Be7 17. a3 Ne5 18. Rd2 b5 19. Qd1 Nc4 20. Bd3 Qg4 21. Bxc4 Rxc4 22. Ne1 Qe4 23. Rc2 Rac8 24. Rac1 Rxc2 25. Rxc2 Rd8 26. Rd2 b4 27. Rd3 Bd5 28. f3 Qg6 29. axb4 Bxb4 30. Bd2 Be7 31. Qa4 Ra8 32. Rc3 h5 33. Kf2 Bh4+ 34. g3 Bf6 35. Nd3 Qf5 36. Nf4 Rd8 37. Nxd5 Rxd5 38. Rc8+ Kh7 39. Be3 e5 40. Qe8 exd4 41. Bf4 d3 42. Qh8+ Kg6 43. Rg8 Qxf4 44. gxf4 d2 45. f5+ Kg5 46. Rxg7+ Kxf5 47. Qxh5+ Ke6 48. Qxf7+ Ke5 49. Qxd5+ 1-0

[Event "Titled Tuesday intern op 23rd May Early"]
[Site "Chess.com INT"]
[Date "2023.05.23"]
[Round "8"]
[White "Korkmaz, Necmettin"]
[Black "Todorovic, Bojan"]
[Result "0-1"]
[WhiteElo "2091"]
[BlackElo "2195"]
[PlyCount "98"]
[EventDate "2023.05.23"]
[EventType "swiss (blitz)"]
[EventRounds "11"]
[EventCountry "USA"]
[SourceTitle "CBM 214 Extra"]
[Source "ChessBase"]
[SourceDate "2023.07.31"]
[SourceVersion "1"]
[SourceVersionDate "2023.07.31"]
[SourceQuality "1"]

1. e4 g6 2. d4 Bg7 3. Nf3 d6 4. Nc3 a6 5. a4 Nd7 6. Bc4 e6 7. Bg5 Ne7 8. Qd2 h6 9. Be3 b6 10. h4 Bb7 11. h5 g5 12. Nh2 Nf6 13. f3 d5 14. exd5 Nexd5 15. Nxd5 Nxd5 16. Bf2 Qd6 17. c3 Qf4 18. Qe2 0-0 19. Ng4 Rae8 20. Ne5 Bxe5 21. dxe5 Qf5 22. Bd3 Nf4 23. Bxf5 Nxe2 24. Be4 Bxe4 25. fxe4 Nf4 26. Rd1 Rd8 27. a5 b5 28. Bc5 Rfe8 29. Rxd8 Rxd8 30. Be7 Rd7 31. Bf6 Nd3+ 32. Ke2 Nxb2 33. Rb1 Nc4 34. Rb4 Nxa5 35. Rb1 Nc4 36. Ra1 a5 37. Rb1 c6 38. Kf3 a4 39. Kg4 a3 40. Ra1 Rd2 41. g3 Rf2 42. Kh3 Ne3 43. g4 Nc4 44. Kg3 Rd2 45. Kf3 a2 46. Kg3 Rb2 47. Kf3 Nd2+ 48. Ke3 Nb3 49. Rd1 Rd2 0-1

[Event "Titled Tuesday intern op 23rd May Early"]
[Site "Chess.com INT"]
[Date "2023.05.23"]
[Round "7"]
[White "Korkmaz, Necmettin"]
[Black "Weetik, Vjacheslav"]
[Result "0-1"]
[WhiteElo "2091"]
[BlackElo "2423"]
[PlyCount "52"]
[EventDate "2023.05.23"]
[EventType "swiss (blitz)"]
[EventRounds "11"]
[EventCountry "USA"]
[SourceTitle "CBM 214 Extra"]
[Source "ChessBase"]
[SourceDate "2023.07.31"]
[SourceVersion "1"]
[SourceVersionDate "2023.07.31"]
[SourceQuality "1"]

1. e4 c6 2. d4 d5 3. Nc3 dxe4 4. Nxe4 Bf5 5. Ng3 Bg6 6. h4 h6 7. Nf3 e6 8. h5 Bh7 9. Bd3 Bxd3 10. Qxd3 Nf6 11. Bd2 c5 12. 0-0-0 Nc6 13. Be3 Qa5 14. Kb1 Be7 15. dxc5 Bxc5 16. Bxc5 Qxc5 17. Ne4 Nxe4 18. Qxe4 0-0 19. Qe2 Rfd8 20. g4 Nb4 21. c3 Nd5 22. Rd4 Rd6 23. Rhd1 Rb6 24. Qc2 Qxc3 25. R4d3 Qxc2+ 26. Kxc2 Nb4+ 0-1